000 00271nam a22001097a 4500
008 170126b xxu||||| |||| 00| 0 eng d
020 _a9780323428224
041 _aeng
080 _a61
245 _aCHRONIC OBSTRUCTIVE PULMONARY DISEASE
_cHEIDELBAUGH, J.J
942 _2udc
_cBK
999 _c3773
_d3773